000 00566cam a22002171 4500
001 sa 67004738
003 DLC
005 20260227112350.0
008 890417s1966 pk 000 0 urdr
010 _asa 67004738
035 _a(OCoLC)19561636
040 _aDLC
_cWaU
_dDLC
042 _apremarc
043 _aa-pk---
050 0 0 _aDS384
_b.S84
100 1 _aSuleri, Z. A.
_q(Ziauddin Ahmad),
_d1913-1999.
245 1 0 _aLiyāqat ʻAlī se ṣadr Ayyūb tak.
260 _c[1966?]
300 _a212 p.
_c21 cm.
651 0 _aPakistan
_xPolitics and government.
999 _c74728
_d74728